000 00289nam a2200133Ia 4500
003 OSt
005 20240313104000.0
008 170524s9999 xx 000 0 und d
020 _a978-8174463456
040 _cIIMT
100 _aGUPTA- S.L
245 0 _aMARKETING RESEARCH
942 _2ddc
_c02
999 _c9800
_d9800